000 00731cab a2200229 4500
001 ABS56733
008 090401t1997 xxu||||| |||| 00| 0 eng d
035 _a(Sirsi) u77543
041 _aeng
100 _aMeredith, T.
245 4 _aThe end of the world as we know it?
260 _c1997
350 _a0
490 _aManufacturing Management
_v6(3) March 1997, 28-29(2)
520 _aDraws attention to the problems which may be caused by the new millennium beginning. The date 2000 may cause serious problems for technology.
650 _aCOMPUTERS
650 _aMILLENNIUM
650 _aYEAR 2000 COMPLIANT
690 _aMANAGEMENT-BUSINESS MANAGEMENT-INFORMATION MANAGEMENT
942 _n0
948 _c03/04/1997
999 _c48753
_d48753